| 000 | 01823nam a2200241 4500 | ||
|---|---|---|---|
| 003 | NALT | ||
| 005 | 20250806155059.0 | ||
| 008 | 250723b th ||||| |||| 00| 0 tha d | ||
| 040 | _aNALT | ||
| 110 | 2 |
_aกระทรวงคมนาคม. _bสถาบันการบินพลเรือน _914030 |
|
| 245 | 1 | 0 |
_aรายงานประจำปี 2567 สถาบันการบินพลเรือน = _bAnnual report 2024 civil aviation training center / _cสถาบันการบินพลเรือน กระทรวงคมนาคม. _h[electronic resource] |
| 260 |
_aกรุงเทพฯ : _bสถาบันการบินพลเรือน, _c2568. |
||
| 300 | _aOnline resource | ||
| 500 | _aหน่วยงานภาครัฐ | ||
| 505 | 2 | _aPart 01 เกี่ยวกับสถาบันการบินพลเรือน About CATC -- Part 02 คณะกรรมการและผู้บริหาร CATC board of directors and executives -- Part 03 การบริหารจัดการองค์กร Organizational management -- Part 04 ภาพรวมทางการเงิน Overview financial status -- Part 05 การกำกับกิจการที่ดี Good corporate governance -- Part 06 รายงานตรวจสอบบัญชี Financial report. | |
| 610 | 2 | 4 |
_aสถาบันการบินพลเรือน _xรายงานประจำปี _y2567 _966363 |
| 850 | _aNALT | ||
| 856 | 4 | 0 |
_uhttps://www.catc.or.th/attachment/annual_report/CATC-AR2024/index.html#p=1 _zE-Book |
| 942 |
_2local _cEBK |
||
| 996 |
_ajidapa.t _bACQSTF _c2025-07-23 |
||
| 996 |
_avaree.k _bLIBSTF _c2025-07-24 |
||
| 996 |
_ajamriang.p _bCATSTF _c2025-07-29 |
||
| 999 |
_c107018 _d107018 |
||
| 998 |
_j6650 _k นางสาววารี เกตุโฉม |
||